[Event "Krasnodar Winter A Rating"]
[Site "Krasnodar"]
[Date "2011.02.01"]
[Round "13"]
[White "Glazkov, Arseny"]
[Black "Bondarev, Boris"]
[Result "0-1"]
[WhiteElo "2173"]
[BlackElo "2082"]
[PlyCount "62"]
[EventDate "2011.01.24"]
[EventType "tourn"]
[EventRounds "13"]
[EventCountry "RUS"]
[SourceTitle "EXT 2022"]
[Source "ChessBase"]
[SourceDate "2021.10.06"]
[SourceVersion "1"]
[SourceVersionDate "2021.10.06"]
[SourceQuality "1"]

1. e4 e5 2. Bc4 Nf6 3. d3 c6 4. Bb3 Bc5 5. Nf3 d6 6. h3 0-0 7. Nbd2 Nh5 8. Nc4 Be6 9. Ng5 Nf4 10. Bxf4 exf4 11. Nxe6 fxe6 12. d4 b5 13. dxc5 bxc4 14. Bxc4 d5 15. Bd3 Nd7 16. b4 a5 17. a3 f3 18. g3 Qf6 19. 0-0 Qh6 20. h4 Rf4 21. exd5 Ne5 22. Re1 Rxh4 23. gxh4 Qxh4 24. Rxe5 Rf8 25. dxe6 Rf4 26. Re4 Qh3 27. Qf1 Rg4+ 28. Rxg4 Qxg4+ 29. Kh2 Qf4+ 30. Kh3 g5 31. Bxh7+ Kg7 0-1

[Event "Krasnodar Winter A Rating"]
[Site "Krasnodar"]
[Date "2011.01.28"]
[Round "7"]
[White "Shamsijarov, Aleksandr"]
[Black "Glazkov, Arseny"]
[Result "0-1"]
[WhiteElo "2031"]
[BlackElo "2173"]
[PlyCount "60"]
[EventDate "2011.01.24"]
[EventType "tourn"]
[EventRounds "13"]
[EventCountry "RUS"]
[SourceTitle "EXT 2022"]
[Source "ChessBase"]
[SourceDate "2021.10.06"]
[SourceVersion "1"]
[SourceVersionDate "2021.10.06"]
[SourceQuality "1"]

1. e4 c5 2. Nf3 d6 3. d4 Nf6 4. Nc3 cxd4 5. Nxd4 a6 6. Bc4 e6 7. Bg5 Nbd7 8. f4 b5 9. Bb3 b4 10. Na4 Qc7 11. Qe2 Bb7 12. Bxf6 Nxf6 13. e5 dxe5 14. fxe5 Nd7 15. 0-0 Qxe5 16. Qxe5 Nxe5 17. Rae1 Bd6 18. Nb6 Rd8 19. Ba4+ Ke7 20. Nb3 Bc7 21. Kh1 f6 22. Rxe5 Bxe5 23. Nc4 Bd4 24. h3 Rd5 25. Nba5 Ba8 26. b3 Rc8 27. Re1 Rxa5 28. Nxa5 Rxc2 29. Nc6+ Bxc6 30. Bxc6 Rxc6 0-1

[Event "Krasnodar Winter A Rating"]
[Site "Krasnodar"]
[Date "2011.01.26"]
[Round "5"]
[White "Zhukov, Evgeny N"]
[Black "Glazkov, Arseny"]
[Result "0-1"]
[WhiteElo "1976"]
[BlackElo "2173"]
[PlyCount "70"]
[EventDate "2011.01.24"]
[EventType "tourn"]
[EventRounds "13"]
[EventCountry "RUS"]
[SourceTitle "EXT 2022"]
[Source "ChessBase"]
[SourceDate "2021.10.06"]
[SourceVersion "1"]
[SourceVersionDate "2021.10.06"]
[SourceQuality "1"]

1. e4 c5 2. Nf3 d6 3. c3 Nf6 4. Be2 g6 5. 0-0 Bg7 6. e5 dxe5 7. Nxe5 0-0 8. Bf3 Qc7 9. d4 Nfd7 10. Nxd7 Nxd7 11. Re1 cxd4 12. Rxe7 Qc5 13. Re1 Ne5 14. cxd4 Nxf3+ 15. Qxf3 Bxd4 16. Nc3 Bd7 17. Ne4 Qb6 18. Bg5 f5 19. Nc3 Bc6 20. Qf4 Rfe8 21. Red1 Be5 22. Qc4+ Kg7 23. Rd3 Qxb2 24. Rb1 Bxc3 25. Rdd1 Qa3 26. Rb3 Qa5 27. Rxc3 Re4 28. Qb3 Rae8 29. h3 Re1+ 30. Rxe1 Rxe1+ 31. Kh2 Qe5+ 32. f4 Qd4 33. Rxc6 Qg1+ 34. Kg3 Re3+ 35. Kh4 Qf2+ 0-1

[Event "Krasnodar Region-ch"]
[Site "Krasnodar"]
[Date "2010.10.21"]
[Round "6"]
[White "Bryzgalin, Kirill"]
[Black "Glazkov, Arseny"]
[Result "1-0"]
[WhiteElo "2490"]
[BlackElo "2177"]
[PlyCount "65"]
[EventDate "2010.10.16"]
[EventType "swiss"]
[EventRounds "9"]
[EventCountry "RUS"]
[SourceTitle "EXT 2022"]
[Source "ChessBase"]
[SourceDate "2021.10.06"]
[SourceVersion "1"]
[SourceVersionDate "2021.10.06"]
[SourceQuality "1"]

1. e4 c5 2. Nf3 d6 3. d4 Nf6 4. Nc3 cxd4 5. Nxd4 a6 6. h3 e6 7. g4 d5 8. Bg2 Bb4 9. exd5 Nxd5 10. Nde2 0-0 11. Bd2 Nxc3 12. Nxc3 Qc7 13. Qe2 Nc6 14. 0-0-0 b5 15. f4 Bb7 16. Qf2 Na5 17. Bxb7 Qxb7 18. Nb1 Bxd2+ 19. Nxd2 Rac8 20. Kb1 Nc4 21. Rhe1 Rc7 22. Nxc4 Rxc4 23. f5 exf5 24. gxf5 Qc7 25. Rf1 Rc8 26. Rd2 a5 27. f6 g6 28. Rfd1 h5 29. Qe3 Qf4 30. Qe7 Re4 31. Rd8+ Rxd8 32. Rxd8+ Kh7 33. Rh8+ 1-0

[Event "Krasnodar Spring-B"]
[Site "Krasnodar"]
[Date "2010.04.11"]
[Round "9"]
[White "Sverkunov, Oleg"]
[Black "Glazkov, Arseny"]
[Result "0-1"]
[WhiteElo "1886"]
[BlackElo "2161"]
[PlyCount "60"]
[EventDate "2010.04.08"]
[EventType "tourn"]
[EventRounds "13"]
[EventCountry "RUS"]
[SourceTitle "EXT 2012"]
[Source "ChessBase"]
[SourceDate "2011.11.24"]
[SourceVersion "1"]
[SourceVersionDate "2011.11.24"]
[SourceQuality "1"]

1. Nf3 c5 2. e4 d6 3. d4 Nf6 4. Nc3 cxd4 5. Nxd4 a6 6. Be2 e5 7. Nb3 Be7 8. Bg5 Be6 9. Bxf6 gxf6 10. Bg4 Nc6 11. Bxe6 fxe6 12. Qh5+ Kd7 13. 0-0-0 Kc7 14. Qf7 Qg8 15. Qxg8 Rhxg8 16. g3 Rad8 17. Rhf1 Bf8 18. Kb1 Bh6 19. a3 Rd7 20. Rd3 b6 21. f4 Ne7 22. fxe5 fxe5 23. Rf6 Rg6 24. Rdf3 Ng8 25. Rf7 Rg7 26. Rxg7 Bxg7 27. Nd2 d5 28. Rd3 Kc6 29. Nf3 Bf6 30. g4 h6 0-1

[Event "RUS-ch U16"]
[Site "Dagomys"]
[Date "2009.04.22"]
[Round "8"]
[White "Toropov, Pavel"]
[Black "Glazkov, Arseny"]
[Result "0-1"]
[WhiteElo "2176"]
[BlackElo "2047"]
[PlyCount "88"]
[EventDate "2009.04.15"]
[EventType "swiss"]
[EventRounds "9"]
[EventCountry "RUS"]
[SourceTitle "CBM 130 Extra"]
[Source "ChessBase"]
[SourceDate "2009.07.02"]
[SourceVersion "2"]
[SourceVersionDate "2009.07.15"]
[SourceQuality "1"]

1. e4 c5 2. Nf3 d6 3. Bb5+ Nd7 4. d4 Ngf6 5. Nc3 cxd4 6. Qxd4 e5 7. Qd3 h6 8. h3 Be7 9. Be3 Qc7 10. 0-0-0 a6 11. Bxd7+ Bxd7 12. g4 b5 13. Kb1 b4 14. Nd5 Nxd5 15. exd5 Bb5 16. Qd2 Rc8 17. g5 h5 18. Nxe5 dxe5 19. d6 Bxd6 20. Qxd6 Qxd6 21. Rxd6 0-0 22. Rhd1 Bc6 23. R1d2 a5 24. b3 h4 25. Bb6 a4 26. Kb2 a3+ 27. Kc1 Bg2 28. R6d3 Rc6 29. Ba5 e4 30. Rd8 Rxd8 31. Rxd8+ Kh7 32. Bxb4 Bxh3 33. Rd6 Rxd6 34. Bxd6 Kg6 35. c4 Kxg5 36. Kd2 Bd7 37. b4 f5 38. b5 f4 39. Ke1 Kg4 40. b6 Bc6 41. Kf1 Kf3 42. Bxa3 h3 43. Kg1 e3 44. fxe3 Kg3 0-1

[Event "RUS-ch U16"]
[Site "Dagomys"]
[Date "2009.04.20"]
[Round "6"]
[White "Konjuhov, Vladislav"]
[Black "Glazkov, Arseny"]
[Result "1/2-1/2"]
[WhiteElo "2194"]
[BlackElo "2047"]
[PlyCount "80"]
[EventDate "2009.04.15"]
[EventType "swiss"]
[EventRounds "9"]
[EventCountry "RUS"]
[SourceTitle "CBM 130 Extra"]
[Source "ChessBase"]
[SourceDate "2009.07.02"]
[SourceVersion "2"]
[SourceVersionDate "2009.07.15"]
[SourceQuality "1"]

1. d4 Nf6 2. Nf3 e6 3. g3 c5 4. Bg2 Nc6 5. 0-0 cxd4 6. Nxd4 Qb6 7. Nb3 d5 8. c3 Be7 9. Be3 Qd8 10. h3 0-0 11. Qc2 Ne5 12. Rd1 Nc4 13. Bg5 Qb6 14. e4 dxe4 15. Bxe4 h6 16. Bxf6 Bxf6 17. Qe2 Nd6 18. Bg2 e5 19. N1d2 Bf5 20. Nf1 a5 21. Ne3 Be6 22. Nd5 Bxd5 23. Rxd5 a4 24. Nc5 Rfd8 25. Rad1 a3 26. b4 e4 27. Qc2 Rac8 28. Nxe4 Nxe4 29. Rxd8+ Bxd8 30. Qxe4 Bf6 31. Rd3 g6 32. Rd7 Bxc3 33. Rxb7 Qd6 34. Qd5 Qf6 35. Qf3 Qe6 36. Qd3 Qe1+ 37. Qf1 Bxb4 38. Bd5 Rf8 39. Qxe1 Bxe1 40. Kf1 Bc3 1/2-1/2

[Event "Krasnodar Spring Rating"]
[Site "Krasnodar"]
[Date "2009.04.02"]
[Round "8"]
[White "Glazkov, Arseny"]
[Black "Rekin, Ivan"]
[Result "0-1"]
[WhiteElo "2047"]
[BlackElo "1855"]
[PlyCount "106"]
[EventDate "2009.04.02"]
[EventType "tourn"]
[EventRounds "12"]
[EventCountry "RUS"]
[SourceTitle "EXT 2022"]
[Source "ChessBase"]
[SourceDate "2021.10.06"]
[SourceVersion "1"]
[SourceVersionDate "2021.10.06"]
[SourceQuality "1"]

1. e4 e5 2. Bc4 Nf6 3. d3 Bc5 4. Nf3 Nc6 5. Nbd2 d6 6. c3 h6 7. h3 Be6 8. Bb3 Qd7 9. Nf1 d5 10. Qe2 0-0-0 11. Ba4 dxe4 12. dxe4 Qd6 13. Ng3 Ne7 14. 0-0 Qd3 15. Qxd3 Rxd3 16. Bc2 Rxf3 17. gxf3 Bxh3 18. Rd1 Ng6 19. Kh2 Be6 20. Be3 Bxe3 21. fxe3 h5 22. Bb3 Nh4 23. Rf1 g5 24. Bxe6+ fxe6 25. Rad1 Ng6 26. Rg1 Nh4 27. Rgf1 Ng6 28. Ne2 g4 29. Rg1 Nh4 30. Rh1 Nxf3+ 31. Kg2 Nxe4 32. Ng3 Nf6 33. Ne2 h4 34. Ng1 Nxg1 35. Rhxg1 Ne4 36. Rdf1 h3+ 37. Kh2 Nd2 38. Rd1 Nf3+ 39. Kg3 Nxg1 40. Rxg1 Rg8 41. Rf1 Kd7 42. Rf7+ Kd6 43. e4 Rh8 44. Rf2 h2 45. Rxh2 Rxh2 46. Kxh2 Kc5 47. b3 b5 48. Kg3 b4 49. cxb4+ Kxb4 50. Kxg4 Kc3 51. Kg5 Kd4 52. Kf6 Kxe4 53. Kxe6 Kd4 0-1

[Event "Krasnodar Spring Rating"]
[Site "Krasnodar"]
[Date "2009.04.02"]
[Round "7"]
[White "Savelenko, Arseny"]
[Black "Glazkov, Arseny"]
[Result "1/2-1/2"]
[WhiteElo "2063"]
[BlackElo "2047"]
[PlyCount "62"]
[EventDate "2009.04.02"]
[EventType "tourn"]
[EventRounds "12"]
[EventCountry "RUS"]
[SourceTitle "EXT 2022"]
[Source "ChessBase"]
[SourceDate "2021.10.06"]
[SourceVersion "1"]
[SourceVersionDate "2021.10.06"]
[SourceQuality "1"]

1. e4 c5 2. Nf3 d6 3. Nc3 a6 4. d4 cxd4 5. Nxd4 Nf6 6. Bg5 e6 7. Qd2 Be7 8. Be2 Qc7 9. a4 Nbd7 10. Be3 Ne5 11. b3 d5 12. 0-0 Bb4 13. Ncb5 Qe7 14. c3 Nxe4 15. Qb2 Bc5 16. b4 Bd6 17. Nxd6+ Nxd6 18. Nf3 Nec4 19. Bxc4 Nxc4 20. Qe2 Nxe3 21. Qxe3 0-0 22. Rad1 Qc7 23. Ne5 f6 24. Nd3 b6 25. Nf4 Qc6 26. Rfe1 Bd7 27. b5 axb5 28. axb5 Qxb5 29. Rb1 Qc5 30. Nxe6 Qxe3 31. Rxe3 Bxe6 1/2-1/2

[Event "Soukhumi op"]
[Site "Soukhumi"]
[Date "2007.08.09"]
[Round "6"]
[White "Verzhansky, Alexander"]
[Black "Glazkov, Arseny"]
[Result "1-0"]
[WhiteElo "2361"]
[BlackElo "2048"]
[PlyCount "59"]
[EventDate "2007.08.03"]
[EventType "swiss"]
[EventRounds "9"]
[EventCountry "RUS"]
[SourceTitle "EXT 2009"]
[Source "ChessBase"]
[SourceDate "2008.11.26"]
[SourceVersion "1"]
[SourceVersionDate "2008.11.26"]
[SourceQuality "1"]

1. d4 Nf6 2. c4 e6 3. Nc3 Bb4 4. e3 b6 5. Nge2 Bb7 6. a3 Bd6 7. Ng3 h5 8. d5 Be5 9. Nge4 Nxe4 10. Nxe4 Qh4 11. Qd3 exd5 12. cxd5 Ba6 13. Qc2 Bxf1 14. Rxf1 f5 15. Nd2 0-0 16. Nf3 Qf6 17. Nxe5 Qxe5 18. Bd2 Qxd5 19. 0-0-0 Qc6 20. Bc3 d6 21. Qe2 Qe8 22. h3 Qf7 23. g4 hxg4 24. hxg4 f4 25. Qd3 Nd7 26. Rh1 Nf6 27. g5 Nh5 28. g6 Qf5 29. Qc4+ Kh8 30. Rd5 1-0

[Event "Volgodonsk op"]
[Site "Volgodonsk"]
[Date "2007.07.23"]
[Round "5"]
[White "Petrova, Olga"]
[Black "Glazkov, Arseny"]
[Result "1/2-1/2"]
[WhiteElo "2072"]
[BlackElo "2048"]
[PlyCount "90"]
[EventDate "2007.07.19"]
[EventType "swiss"]
[EventRounds "9"]
[EventCountry "RUS"]
[SourceTitle "EXT 2010"]
[Source "ChessBase"]
[SourceDate "2010.11.25"]
[SourceVersion "1"]
[SourceVersionDate "2010.11.25"]
[SourceQuality "1"]

1. e4 c5 2. Nc3 Nc6 3. g3 g6 4. Bg2 Bg7 5. d3 d6 6. Be3 e5 7. Nge2 Nd4 8. 0-0 Ne7 9. Nd5 0-0 10. c3 Nxe2+ 11. Qxe2 Nxd5 12. exd5 f5 13. f4 exf4 14. Bxf4 Re8 15. Qd2 Be5 16. Rae1 Qf6 17. Be3 Qg7 18. Bh6 Qf7 19. Kh1 Bd7 20. Re2 Bg7 21. Be3 Re7 22. Rfe1 Rae8 23. Kg1 b6 24. Kf2 Bc8 25. Bf4 Rxe2+ 26. Rxe2 Bf8 27. Bf3 Rxe2+ 28. Qxe2 Qe7 29. Qd2 Bg7 30. Bg5 Bf6 31. Bxf6 Qxf6 32. Qe3 Kf7 33. Bd1 Qe7 34. Qh6 Ke8 35. h4 Bd7 36. Bf3 a5 37. Qf4 Kf7 38. Qc4 Qd8 39. Qa6 Qb8 40. Bd1 Kg7 41. Bb3 h6 42. Bc4 g5 43. hxg5 hxg5 44. Bb3 Kf6 45. Bd1 Kg6 1/2-1/2